LEADER 05687nam 2200541 450 001 9910823713003321 005 20200520144314.0 010 $a3-11-051993-3 010 $a3-11-052233-0 024 7 $a10.1515/9783110522334 035 $a(CKB)4100000001039730 035 $a(MiAaPQ)EBC5123312 035 $a(DE-B1597)473697 035 $a(OCoLC)1011476149 035 $a(DE-B1597)9783110522334 035 $a(Au-PeEL)EBL5123312 035 $a(CaPaEBR)ebr11464639 035 $a(OCoLC)1011182293 035 $a(EXLCZ)994100000001039730 100 $a20171205h20172017 uy 0 101 0 $ager 135 $aurcnu|||||||| 181 $2rdacontent 182 $2rdamedia 183 $2rdacarrier 200 00$aBibliothek. Forschung fu?r die Praxis $eFestschrift fu?r Konrad Umlauf zum 65. Geburtstag /$fherausgegeben von Petra Hauke, Andrea Kaufmann und Vivien Petras 210 1$aBerlin, [Germany] ;$aBoston, [Massachusetts] :$cDe Gruyter Saur,$d2017. 210 4$d©2017 215 $a1 online resource (726 pages) $cillustrations 311 $a3-11-051971-2 320 $aIncludes bibliographical references and index. 327 $tBibliothek ? Forschung für die Praxis -- $tFrontmatter -- $tVorwort -- $tInhalt -- $tLaudationes -- $tKonrad Umlauf ? der Mann mit der Schleife und den vielen Facetten -- $tGruß und Dank -- $tLaudatio zur Verleihung der Karl-Preusker-Medaille 2015 an Prof. Dr. Konrad Umlauf -- $tForschungsmethoden -- $tInformationsforschung als Informationsverhaltensforschung -- $tVom Nutzen wissenschaftlicher Studien für die bibliothekarische Berufspraxis -- $tStatistik bei Museen und Bibliotheken -- $tBibliotheken in der Sicht der Lese-/Nutzerforschung -- $tKundenmonitoring in Bibliotheken -- $tBenutzerkommunikation -- $tEthik -- $tEthik in der Bibliotheksarbeit -- $tEthik und Bibliothek -- $tResearch integrity and libraries -- $tÖffentliche Bibliotheken -- $tNutzerforschung -- $tDas Leben der anderen -- $tKulturelle Bildung als bibliothekarisches Aktionsfeld ? oder nicht? -- $tFreiwilligenmanagement in Öffentlichen Bibliotheken -- $tÖffentlichkeitsarbeit -- $tÖffentlichkeitsarbeit für Wissenschaftliche Bibliotheken im digitalen Zeitalter -- $tBibliothekstourismus -- $tWas sich rechnet, weil es sich auszahlt -- $tBibliotheksmanagement -- $tBürgerbeteiligung in Bibliotheken -- $tStrategisches Management in Bibliotheken -- $tNachhaltiges Projektmanagement in Bibliotheken -- $tKosten- und Leistungsrechnung -- $tSicherheit als Managementfaktor -- $tUniversitätsbibliothek, Sammlungen und Archive unter einem Dach -- $tZertifiziertes Qualitätsmanagement -- $tQualitätsmanagement und Zertifizierung in der Praxis -- $tBestandsmanagement -- $tAspekte des Bestandsaufbaus im digitalen Zeitalter -- $tDer Begriff des Originals im digitalen Zeitalter -- $tDigitalisierung von Archivalien -- $tAussonderung in Bibliotheken -- $tObjekt Künstlerbuch -- $tÖffentliche und Wissenschaftliche Bibliothek -- $tPublikationswesen -- $tDimensionen des Forschungsdatenmanagements im digitalen Zeitalter -- $tForschungsdatenmanagement -- $tUniversity presses und library publishing in den USA -- $tThe Opening Scholarly Communication in Social Sciences project OSCOSS -- $tPlagiaterkennung und Plagiatvermeidung -- $tBibliothek als Ort -- $t?Renaissance bibliothekarischer Räume? -- $tBildungs- und Kulturzentren als Optionsraum für Lebenslanges Lernen -- $tLernraum Hochschulbibliothek als Managementaufgabe -- $tBibliotheken und Büchereien in den Justizvollzugsgesetzen -- $tBeruf und Tätigkeitsfelder -- $tIdentifikation und Analyse von Trendthemen -- $tBologna macht?s möglich: Neue Karrierewege für Bibliothekarinnen und Bibliothekare -- $tWer macht die Bibliothek von morgen? -- $tHistorische Forschung -- $tTheoria cum praxi -- $tDr. Josef Becker ? Eine bibliothekarische Karriere im Dritten Reich -- $tBücherauktionen im 18. Jahrhundert -- $tDie Bibliothek des herzoglich württembergischen Naturalienkabinetts in der zweiten Hälfte des 18. Jahrhunderts -- $tRadikaler Wandel? -- $tPositionen -- $tPolitikbibliothekarische Arbeit -- $tGenerischer Nutzerservice oder kundennaher Mehrwertdienst? -- $tOpen Access und die Folgen -- $tAnhang -- $tBibliografie Konrad Umlauf -- $tAbkürzungen -- $tTabula gratulatoria -- $tAutorinnen & Autoren -- $tRegister 330 $aDie Ergebnisse bibliothekswissenschaftlicher Forschung der praktischen Bibliotheksarbeit vor Ort zugutekommen zu lassen ? unter diesem Motto wurden die Beiträge für diese Festschrift zusammengestellt. Es geht um Methoden der Bibliotheks- u. Informationswissenschaft, Öffentliche Bibliotheken, Bibliotheksmanagement u. -marketing, Benutzer- u. Bedarfsforschung, die Bibliothek als Ort, ihre Rolle im Publikationswesen, Fragen zu Ethik und Berufsbild. 330 $aThis festschrift was designed to collect essays that make the findings of practice-related research in the library sciences relevant to librarians working in the field. The essays address the methods of library and information science, the public library, library management and marketing, research on users and their needs, the library as a place, the library?s role in publishing, as well as issues of ethics and professionalism. 606 $aLibrary research 615 0$aLibrary research. 676 $a020.72 686 $aAN 51000$qBSZ$2rvk 702 $aHauke$b Petra 702 $aKaufmann$b Andre?a 702 $aPetras$b Vivien 801 0$bMiAaPQ 801 1$bMiAaPQ 801 2$bMiAaPQ 906 $aBOOK 912 $a9910823713003321 996 $aBibliothek. Forschung fu?r die Praxis$93998609 997 $aUNINA LEADER 02216oas 2200865 a 450 001 9910552901303321 005 20251010213018.0 011 $a2331-3056 035 $a(DE-599)ZDB2272469-2 035 $a(DE-599)2272469-2 035 $a(OCoLC)78752171 035 $a(CONSER) 2009263185 035 $a(CKB)1000000000289995 035 $a(EXLCZ)991000000000289995 100 $a20070118b19251951 uy a 101 0 $aeng 135 $aur||||||||||| 181 $ctxt$2rdacontent 182 $cc$2rdamedia 183 $acr$2rdacarrier 200 00$aOccupational therapy and rehabilitation 210 $aBaltimore $cWilliams & Wilkins$d1925-1951 311 08$a2160-2247 606 $aOccupational therapy$vPeriodicals 606 $aRehabilitation$vPeriodicals 606 $aOccupational Therapy 606 $aRehabilitation 606 $aTherapeutics 606 $aSocieties 606 $aOccupational therapy$2fast$3(OCoLC)fst01043273 606 $aRehabilitation$2fast$3(OCoLC)fst01093291 606 $aErgothe?rapie$vPe?riodiques 606 $aRe?adaptation$vPe?riodiques 608 $aPeriodical. 608 $aPeriodicals.$2fast 615 0$aOccupational therapy 615 0$aRehabilitation 615 2$aOccupational Therapy. 615 2$aRehabilitation. 615 2$aTherapeutics. 615 2$aSocieties. 615 7$aOccupational therapy. 615 7$aRehabilitation. 615 6$aErgothe?rapie 615 6$aRe?adaptation 676 $a615.8/515/05 712 02$aAmerican Occupational Therapy Association 801 0$bFQM 801 1$bFQM 801 2$bTXA 801 2$bOCLCQ 801 2$bLGG 801 2$bUKMGB 801 2$bOCLCQ 801 2$bOCLCO 801 2$bTXA 801 2$bDLC 801 2$bOCLCF 801 2$bOCLCO 801 2$bOCLCQ 801 2$bOCLCO 801 2$bOCLCQ 801 2$bUAB 801 2$bAU@ 801 2$bOCLCO 801 2$bYOU 801 2$bSRU 801 2$bOCLCO 801 2$bOCLCA 801 2$bOCLCL 801 2$bLVT 906 $aJOURNAL 912 $a9910552901303321 996 $aOccupational therapy and rehabilitation$92808669 997 $aUNINA